Modern plywood
| Main Author: | |
|---|---|
| Format: | Book |
| Published: |
London :
Ernest Benn ,
1927
|
| Subjects: |
MARC
| LEADER | 00000cam a2200000 7i4500 | ||
|---|---|---|---|
| 001 | 0000001636 | ||
| 005 | 20010903.0 | ||
| 090 | 0 | 0 | |a 634.834 |b WAI 1927 |
| 100 | 1 | 0 | |a WAINWRIGHT |h Shirley Benjamin |c 1877- |
| 245 | 1 | 0 | |a Modern plywood |c by Shirley B. Wainwright |
| 260 | 0 | 0 | |a London : |b Ernest Benn , |c 1927 |
| 300 | |a viii, 66 p. : |b ill., plates ; |c 29 cm. | ||
| 650 | 0 | 0 | |a Plywood |
| 998 | |a JPSM | ||
| 999 | |a 0000002870 |b Monograph |c Open Shelf |e Default branch | ||